| 000 -LEADER |
| fixed length control field |
01101nam a22001817a 4500 |
| 005 - DATE AND TIME OF LATEST TRANSACTION |
| control field |
20260127155517.0 |
| 008 - FIXED-LENGTH DATA ELEMENTS--GENERAL INFORMATION |
| fixed length control field |
230725b ||||| |||| 00| 0 eng d |
| 040 ## - CATALOGING SOURCE |
| Transcribing agency |
SSBUL |
| Modifying agency |
SSBUL |
| 082 ## - DEWEY DECIMAL CLASSIFICATION NUMBER |
| Edition number |
23 |
| Classification number |
၂၉၄.၃၄၃၅၀၉၅၉၁၂၈ မြတ် ၁၄၈၄၉ (S-KM ) |
| 245 ## - TITLE STATEMENT |
| Title |
မြတ်မော်တင်နှင့် ပုသိမ်ဧရာတန်ခိုးကြီးဘုရားများလမ်းညွှန် / |
| 260 ## - PUBLICATION, DISTRIBUTION, ETC. |
| Place of publication, distribution, etc. |
ပုသိမ်၊ |
| Name of publisher, distributor, etc. |
မြတ်မော်တင်ဘုရားပွဲတော်ကျင်းပရေးဦးစီးကော်မတီ၊ |
| Date of publication, distribution, etc. |
၁၉၈၄။ |
| 300 ## - PHYSICAL DESCRIPTION |
| Extent |
၆၀ စာမျက်နှာ၊ |
| Other physical details |
ရောင်စုံဓာတ်ပုံ၊ |
| Dimensions |
၂၁ စင်တီ။ |
| 500 ## - GENERAL NOTE |
| General note |
S-SAT: Dr. Prof Sai Aung Tun |
| 650 ## - SUBJECT ADDED ENTRY--TOPICAL TERM |
| Topical term or geographic name entry element |
လမ်းညွှန် |
| General subdivision |
စေတီပုထိုး။ |
| 9 (RLIN) |
28375 |
|
| Topical term or geographic name entry element |
စေတီပုထိုး |
| Geographic subdivision |
ပုသိမ်။ |
| 9 (RLIN) |
28376 |
|
| Topical term or geographic name entry element |
စေတီပုထိုး |
| Geographic subdivision |
ဧရာဝတီတိုင်း။ |
| 9 (RLIN) |
28377 |
| 942 ## - ADDED ENTRY ELEMENTS (KOHA) |
| Source of classification or shelving scheme |
|
| Koha item type |
Book (Short term) |